Missing Word: The 'Right' Songs Quiz Stats

 Plays Quiz Updated Sep 4, 2017

Challenge
Share
Tweet
Embed
Score 0/18 Timer 03:00
2 Plays Today
Song Title Missing Word % Correct
You Took the Words Right Out of My ____ (Hot Summer Night)Mouth
95.7%
(You Gotta) ____ for Your Right (To Party)Fight
92.4%
Right Place, ____ TimeWrong
91.6%
Right Where ____ Left OffWe
90.2%
Get It Right the ____ TimeFirst
89.8%
Right ____, Right NowHere
87.6%
Everything in Its Right ____Place
80.2%
You ____ You're RightKnow
78.9%
____ Think Twice, It's All RightDon't
77.9%
Song Title Missing Word % Correct
Right Between the ____Eyes
74.3%
All the Right ____Moves
69.7%
As ____ as the Price Is RightLong
59.4%
____ Right NowAll
51.9%
It's Not Right but It's ____Okay
44.6%
____ Time Is the Right TimeNight
36.6%
Walk Right ____Back
26.1%
Right ____Round
20.7%
____ All RightThat's
18.6%

Today's Daily Dose

You're not logged in!

Compare scores with friends on all Sporcle quizzes.
Join for Free
OR
Log In

You Might Also Like...

Show Comments

Extras

Top Quizzes Today


Score Distribution

Your Account Isn't Verified!

In order to create a playlist on Sporcle, you need to verify the email address you used during registration. Go to your Sporcle Settings to finish the process.

Report this User

Report this user for behavior that violates our Community Guidelines.

Details: